000 00653nam a2200193Ia 4500
005 20240530103525.0
008 140319s1993 xx 000 0 ara d
040 _aGCL /
_cGCL
082 0 4 _a224 /
_bم ص
100 1 _aمحمود توفيق محمد سعد
245 1 0 _aصورة الامر والنهى فى الذكر الحكيم /
_cمحمود توفيق محمد سعد
260 _aالقاهرة :
_bمطبعة الامانة ،
_c1993
300 _a149ص،
_c24 سم
650 0 4 _aالبلاغة
650 0 4 _aاعراب
650 0 4 _aالقران - الفاظ
942 _2ddc
_cBK
999 _c40276
_d40276